1333 1020 1471 1625 1886 1003 1067 1498 1916 1350 1076 1120 1409 1923 1425 1830 1029 1847 1454 1993 1408 1295 1795 1712 1180 1527 1142 1809 1013 1289 1542 1197 1970 1071 1516 1764 1060 1400 1852 1567 1174 1288 1741 1868 1829 1194 1275 1942 1436 1669 1077 1877 1490 1995 1390 1374 1655 1881 1759 1150 1905 1957 1736 1426 1912 1124 1526 1128 1278 1359 1684 1232 1394 1734 1862 1740 1229 1947 1595 1136 1467 1496 1261 1009 1747 1207 1101 1770 1552 1649 1389 1179 1085 1583 1499 1187 1980 1960 1308 BCNSPRNW ULIB Ver.6.0+V

เปลี่ยนเป็นภาษาไทย

Change to English
 แสดงรายละเอียดบรรณานุกรม
  กลับหน้าหลัก

Brief Record : Get Marc (ISO 2709) : E-mail record : QR code < ปิดหน้าต่าง
LEADER : 00000nam 2200000uu 4500
001    13399120290
003     ULIB
008    120918s2552||||th 000 0 tha d
020    ^a9789741111166ล.2
060 04 ^aWY159^bต367 2552 ล. 2
245 00 ^aตำราการพยาบาลเด็ก เล่ม 2 /^cโดยคณาจารย์ภาควิชาการพยาบาลกุมารเวชศาสตร์ คณะพยาบาลศาสตร์ มหาวิทยาลัยมหิดล ; บุญเพียร จันทวัฒนา ... [และคนอื่นๆ]
250    ^aพิมพ์ครั้งที่ 1 (ฉบับปรับปรุงครั้งที่ 1)
260    ^aกรุงเทพฯ :^bภาควิชาการพยาบาลกุมารเวชศาสตร์ คณะพยาบาลศาสตร์มหาวิทยาลัยมหิดล,^c2552
300    ^a2 เล่ม. 633หน้า :^bภาพประกอบ ;^c30 ซม.
650  7 ^aการพยาบาลกุมารเวชศาสตร์
650  7 ^aการพยาบาลเด็ก
700 0  ^aบุญเพียร จันทวัฒนา,^eบรรณาธิการ
710 2  ^aมหาวิทยาลัยมหิดล. ^bคณะพยาบาลศาสตร์.^bภาควิชาการพยาบาลกุมารเวชศาสตร์
945    ^p800^l0^i15874
945    ^p800^l0^i15786
945    ^p800^l0^i15787
945    ^p800^l0^i15873
995    ^aวิภา
999 ^a ใช้งานได้ทุกระบบ
รายการนี้ยังไม่มีแท็ก
คุณยังไม่ได้ล็อกอิน คุณสามารถมีกิจกรรมร่วมกับเว็บไซต์ได้ แต่ต้องล็อกอินก่อน ::
  ล็อกอิน

รายการสื่อสารสนเทศ

ลำดับที่ ประเภท เลขเรียก/บาร์โค้ด สถานที่ สถานะ
- ไม่พบข้อมูล -

รายการใกล้เคียง
    หัวเรื่อง [การพยาบาลกุมารเวชศาสตร์]
    หัวเรื่อง [การพยาบาลเด็ก]

BibComment


ยังไม่เคยถูกคอมเมนท์

คอมเมนท์ทรัพยากรรายการนี้
  คอมเมนท์: ตำราการพยาบาลเด็..


 Copyright 2026. Bcnsprnw @Library